| 000 | 00710nam a2200241Ia 4500 | ||
|---|---|---|---|
| 003 | OSt | ||
| 005 | 20220926010250.0 | ||
| 006 | a|||||r|||| 00| 0 | ||
| 007 | ta | ||
| 008 | 220923b |||||||| |||| 00| 0 eng d | ||
| 020 |
_a8189000799 _c800.00 |
||
| 037 |
_b1562, 30/11/2006, The Bookseller _cGeneral Book |
||
| 040 |
_aRTL _cRTL _beng |
||
| 041 |
_2eng _aeng |
||
| 082 | _aU45, P7 | ||
| 100 |
_aHusain Dr. Ahmad _9312014 |
||
| 245 | 0 | _aPopulation geography | |
| 260 |
_a New Delhi _bVishvabharti Publication _c2007 |
||
| 300 |
_av, 410p _ccm. |
||
| 650 | _aGeography | ||
| 942 |
_hU45, P7 _cGB _2CC |
||
| 999 |
_c616851 _d616851 |
||